| 000 | 00736nam a22002177a 4500 | ||
|---|---|---|---|
| 003 | OSt | ||
| 005 | 20260407082353.0 | ||
| 008 | 260407b ar ||||| |||| 00| 0 spa d | ||
| 040 | _aHCSPBA | ||
| 041 | _aspa | ||
| 100 | _aMalagarriga, Carlos César | ||
| 245 |
_aInstituciones penales argentinas : _bTextos legales. _nTomo 2. _pCódigo de procedimientos en materia penal para el fuero federal y tribunales ordinarios de la Capital y de los Territorios Nacionales |
||
| 260 |
_aBuenos Aires. _c1929. _bJesús Menéndez. |
||
| 300 | _a3 v. | ||
| 505 | _aIndice | ||
| 505 | _aSegunda parte. Códigos (continuación) | ||
| 650 | _aESTABLECIMIENTOS PENITENCIARIOS | ||
| 650 | _aDERECHO PENAL | ||
| 651 | _aARGENTINA | ||
| 942 | _cLIB | ||
| 999 |
_c64647 _d134116 |
||